000
00327nam a22001457a 4500
005
20160620140428.0
008
160620b xxu||||| |||| 00| 0 eng d
020
_a
0-582-85474-1
041
_a
eng
082
_b
8547
245
_a
Dictionary of Contemporary English
260
_b
Longman
_c
2003
300
_a
1922
942
_c
BK
999
_c
3275
_d
3274